| 000 | 01267nmc a2200433 a 4500 | ||
|---|---|---|---|
| 003 | AR-BaBNM | ||
| 005 | 20251128210854.0 | ||
| 008 | 061020s2000 ||||||||||||||000 | spa|| | ||
| 020 | _a84-7827-228-3 | ||
| 040 | _cAR-BaBNM | ||
| 245 | 1 | 0 | _aValores y temas transversales en el currículum |
| 250 | _a1ª ed. | ||
| 260 |
_aBarcelona _bLaboratorio Educativo _bGraó _c2000 |
||
| 300 | 0 |
_a166 p. _btablas |
|
| 490 | 0 |
_aClaves para la innovación educativa _vv. 1 |
|
| 500 | 0 | _aContiene referencias bibliográficas | |
| 650 | 4 | _aCURRICULO | |
| 651 | 4 | _aEspaña | |
| 653 | 0 | _aTEMAS TRANSVERSALES | |
| 653 | 0 | _aEDUCACION EN VALORES | |
| 653 | 0 | _aPROYECTOS CURRICULARES | |
| 653 | 0 | _aINSTITUCIONES EDUCATIVAS | |
| 653 | 0 | _aEDUCACION INICIAL | |
| 653 | 0 | _aEDUCACION PRIMARIA | |
| 653 | 0 | _aEDUCACION SECUNDARIA | |
| 700 | 1 | _aAlvarez, María Nieves | |
| 700 | 1 | _aBalaguer, Neus | |
| 700 | 1 | _aCarol, Ricard | |
| 700 | 1 | _aDelgado, Esteban | |
| 700 | 1 | _aFernández Cruz, Manuel | |
| 700 | 1 | _aGavidía, Valentín | |
| 700 | 1 | _aGonzález Alfayate, Manuel | |
| 700 | 1 | _aLlopis, Carmen | |
| 700 | 1 | _aPablos, Manuel L. | |
| 700 | 1 | _aSánchez Sánchez, Domingo | |
| 800 | 1 |
_aParcerisa Arán, Arthur _edirector |
|
| 942 | _cBK | ||
| 998 | _cRAQUEL | ||
| 999 |
_c17252 _d17252 |
||